Statistics for Top 15 Countries with Covid-19 Deaths - 14 July 2021

Click here to take the quiz!

General Stats

  • This quiz has been taken 16 times
  • The average score is 17 of 24

Answer Stats

country% Correct
France
100%
Russia
100%
United Kingdom
100%
United States
100%
Germany
94%
Spain
94%
India
88%
Italy
88%
Mexico
88%
Poland
88%
Brazil
81%
Argentina
75%
Colombia
75%
Belgium
69%
Iran
69%
Czechia
56%
Croatia
50%
Slovakia
50%
Slovenia
50%
Peru
44%
Bosnia and
Herzegovina
38%
Hungary
31%
Bulgaria
25%
North Macedonia
19%

Score Distribution

Percentile by Number Answered

Percent of People with Each Score

Your Score History

You have not taken this quiz